000 00471nam a2200145Ia 4500
003 OSt
005 20260124101753.0
008 211028s2017 xx 000 0 und d
040 _cAIMIT LIBRARY
041 _aeng
100 _aDevadiga, Geeta; Kamath, T Ramesh.
_g1516048
_97624
245 _aProject report on effectiveness of training and development process at ribco manufacturing company Bhatkal /
260 _aMangalore
_bT Ramesh Kamath.
_c2017
942 _2ddc
_cPRO
999 _c219192
_d219192